000 00385 a2200169 4500
001 62345
020 _a9788537705919
040 _cAnchieta - Pituba
100 _aOlinto, Antonio
240 1 0 _aE AGORA? QUAL O CAMINHO?
_lpor
245 1 0 _aE AGORA? QUAL O CAMINHO?
300 _a94
362 0 _a2008
440 1 _aEscala Educacional
650 4 _aLiteratura juvenil
942 _cBK
999 _c62345
_d62345